<?xml version="1.0" encoding="UTF-8"?>
<record
    xmlns:xsi="http://www.w3.org/2001/XMLSchema-instance"
    xsi:schemaLocation="http://www.loc.gov/MARC21/slim http://www.loc.gov/standards/marcxml/schema/MARC21slim.xsd"
    xmlns="http://www.loc.gov/MARC21/slim">

  <leader>00661cam a2200205 i 4500</leader>
  <datafield tag="999" ind1=" " ind2=" ">
    <subfield code="c">118349</subfield>
    <subfield code="d">118349</subfield>
  </datafield>
  <controlfield tag="001">18811181</controlfield>
  <controlfield tag="005">20200901162831.0</controlfield>
  <controlfield tag="008">151007s2017    moua     b    001 0 eng  </controlfield>
  <datafield tag="020" ind1=" " ind2=" ">
    <subfield code="a">9780323327701 (pbk. : alk. paper)</subfield>
  </datafield>
  <datafield tag="040" ind1=" " ind2=" ">
    <subfield code="c">PK-LaUMT</subfield>
  </datafield>
  <datafield tag="082" ind1="0" ind2="0">
    <subfield code="a">612.74</subfield>
    <subfield code="2">23</subfield>
    <subfield code="b">MUS-M</subfield>
  </datafield>
  <datafield tag="100" ind1="1" ind2=" ">
    <subfield code="a">Muscolino, Joseph E.</subfield>
  </datafield>
  <datafield tag="245" ind1="1" ind2="4">
    <subfield code="a">The muscular system manual :</subfield>
    <subfield code="b">the skeletal muscles of the human body /</subfield>
    <subfield code="c">by Joseph E. Muscolino</subfield>
  </datafield>
  <datafield tag="250" ind1=" " ind2=" ">
    <subfield code="a">4th ed.</subfield>
  </datafield>
  <datafield tag="260" ind1=" " ind2=" ">
    <subfield code="a">Middouri :</subfield>
    <subfield code="b">Elsevier,</subfield>
    <subfield code="c">2017</subfield>
  </datafield>
  <datafield tag="300" ind1=" " ind2=" ">
    <subfield code="a">xxii, 774 p. :</subfield>
    <subfield code="b">color illustrations ;</subfield>
    <subfield code="c">28 cm</subfield>
  </datafield>
  <datafield tag="650" ind1="1" ind2="2">
    <subfield code="a">Musculoskeletal System</subfield>
    <subfield code="x">anatomy &amp; histology</subfield>
  </datafield>
  <datafield tag="650" ind1="2" ind2="2">
    <subfield code="a">Muscles</subfield>
    <subfield code="x">physiology</subfield>
  </datafield>
  <datafield tag="942" ind1=" " ind2=" ">
    <subfield code="c">BK</subfield>
  </datafield>
  <datafield tag="952" ind1=" " ind2=" ">
    <subfield code="0">0</subfield>
    <subfield code="1">0</subfield>
    <subfield code="4">0</subfield>
    <subfield code="7">0</subfield>
    <subfield code="a">HSC</subfield>
    <subfield code="b">HSC</subfield>
    <subfield code="d">2020-09-01</subfield>
    <subfield code="l">1</subfield>
    <subfield code="o">612.74 MUS-M</subfield>
    <subfield code="p">134692</subfield>
    <subfield code="r">2025-05-24 11:07:37</subfield>
    <subfield code="s">2025-01-01</subfield>
    <subfield code="w">2020-09-01</subfield>
    <subfield code="y">BK</subfield>
  </datafield>
</record>
